| 000 | 01017pam a2200313 a 4500 | ||
|---|---|---|---|
| 001 | 1179668 | ||
| 003 | OSt | ||
| 005 | 20140310182656.0 | ||
| 008 | 970224s1998 njua b 001 0 eng | ||
| 010 | _a 97009975 | ||
| 020 | _a9814009334 | ||
| 040 |
_aDLC _cDLC _dDLC |
||
| 050 | 0 | 0 |
_aHF 1411 _b.Sa182 1998 |
| 082 | 0 | 0 |
_aM 330 _221 _bSa3 1998 |
| 100 | 1 | _aSalvatore, Dominick. | |
| 245 | 1 | 0 |
_aInternational economics _cSalvatore, Dominick |
| 250 | _a6th ed. | ||
| 260 |
_aUpper Saddle River, N.J. _bPrentice Hall _cc1998 |
||
| 300 |
_axxxiv, 766 p. _bill. _c24 cm. |
||
| 504 | _aIncludes bibliographical references and indexes. | ||
| 521 | _aCollege student | ||
| 526 | _c1210L to 1700L | ||
| 541 | _j1 | ||
| 562 | _efor circulation. 1 copy available in the collection | ||
| 650 | 0 | _aInternational economic relations. | |
| 906 |
_a7 _bcbc _corignew _d1 _eocip _f19 _gy-gencatlg |
||
| 942 |
_2lcc _cBK _kM |
||
| 999 |
_c15115 _d15115 |
||